Význam a využitie dizajnu a visual merchandisingu v kamennej predajni diplomová práca

Gespeichert in:
Bibliographische Detailangaben
1. Verfasser: Šinályová, Andrea
Körperschaft: Obchodná fakulta EU. Katedra marketingu
Weitere Verfasser: Orgonáš, Jozef, 1957-
Format: Buch
Sprache:Slowakisch
Veröffentlicht: Bratislava 2017
Tags: Tag hinzufügen
Keine Tags, Fügen Sie das erste Tag hinzu!

MARC

LEADER 00000nbm a2200000 4500
001 0230653
005 20170929143847.9
041 0 |a slo 
044 |a SK 
245 1 0 |a Význam a využitie dizajnu a visual merchandisingu v kamennej predajni  |b diplomová práca  |c Andrea Šinályová ; školiteľ: Jozef Orgonáš 
264 1 |a Bratislava  |c 2017 
300 |a 97 s. 
100 1 |a Šinályová, Andrea 
700 1 |a Orgonáš, Jozef, 1957- 
710 2 |a Obchodná fakulta EU. Katedra marketingu